Scream III (2000) en 20 questions - Statistiques

Statistiques générales
  • Ce quiz a été pris 128 fois
  • Le résultat moyen est 9 sur 20
Statistiques - réponses
Hint Réponse % Correct
Quel personnage se révèle être le tueur ? (prénom ou nom) Roman Bridger
71%
Qui arrive à achever ce tueur d'une balle dans la tête ? Le prénom suffira. Dewey (Riley)
67%
Depuis les évènements de Scream 1 et 2, Sidney vit recluse, quel personnage semble être son seul contact régulier de l'exterieur ? Neil Prescott / son père
63%
Avec quoi, Tom provoque t-il, sans le vouloir, une énorme explosion qui anéanti la villa de Jenifer et le tue sur le coup ? Un briquet (allumé)
63%
Comment s'appelle l'émission de TV qu'anime Cotton Weary ? 100% Cotton
61%
Quel type d'indice le tueur laisse t il sur les lieux du crime ? Des photos (de Maureen Prescott (jeune)
59%
Par quel prénom se fait appeler Sidney dans son travail de télé conseillère pour femme en détresse ? Laura
56%
Qui est Steven Stone pour Jenifer dans Scream 3 (Jenifer, qui joue le rôle de Gale dans Stab 3) ? Son garde du corps
52%
Comment s'appelle sa copine qu'il s'empresse de secourir ? Le prénom suffira. Christine (Hamilton)
49%
Chez Jenifer, par quel moyen de communication le tueur s'adresse t-il à la façon d'un script de film au groupe présent ? Un fax
48%
Tuée dans ces fameux studios, Comment s'appelle la 3e victime de Scream 3 ? Le prénom suffira. Sarah (Darling)
43%
Quel acteur interprète l'inspecteur de police Mark Kinkaid en charge de l'affaire ? Patrick Dempsey
41%
Avec quoi agresse t elle Cotton, croyant à tort que c'est lui qui l'a attaqué auparavant ? Un club de golf
39%
Quel est le nom du producteur de Stab 3 ? (prénom ou nom) John Milton
37%
L'acte final a lieu dans la demeure de ce producteur. Quel objet découvre Sidney en arrivant là bas à côté du corps de Tyson ? Un détecteur (de métal)
37%
Quel était le nom d'actrice de Maureen Prescott ? (prénom ou nom) Rina Reynolds
33%
Comment s'appelle les studios où a lieu le tournage de Stab 3 ? Sunrise
22%
Finalement, à la fin du film, qu'est ce que propose Mark Kinkaid à Sidney ? De regarder un film
21%
Qu'est ce que Sidney enfonce deux fois dans le dos puis une fois vers le coeur du tueur ? Un pic à glace
21%
Comment s'appelle l'employée des studios qui informe Gale et Jennifer du passé de Maureen Prescott ? Le prénom suffira. Bianca (Burnette)
13%
Aucun quiz correspondant
Distribution des résultats
% des personnes avec chaque résultat
Percentile par nombre de réponses
Votre historique - résultats
Vous n’avez pas pris ce quiz